Kraje pustynne Afryki - Statystyki

Ogólne statystyki
  • Ten quiz został rozwiązany 26 razy
    10 od ostatniego zresetowania
  • Średni wynik to 16 z 17
Statystyki odpowiedzi
Kierunek Afryka % Poprawnych
Północ Algieria
100%
PółnocnyWschód Egipt
100%
Północny Wschód Libia
100%
Zachód Mali
100%
PółnocnyZachód Maroko
100%
Zachód Mauretania
100%
Zachód Niger
100%
Wschód Somalia
100%
PółnocnyWschód Sudan
100%
Północ Tunezja
100%
Południe Botswana
89%
Środek Czad
89%
Wschód Dżibuti
89%
PółnocnyWschód Erytrea
89%
Wschód Etiopia
89%
Południe RPA
89%
Południowy Zachód Namibia
78%
Nie znaleziono quizów pasujących do podanych kryteriów
Rozkład punktacji
Procent ludzi z każdym wynikiem
Percentyl według liczby udzielonych odpowiedzi
Twoja historia wyników
Nie rozwiązałeś tego quizu od ostatniego zresetowania